[Event "GER-chT U10"]
[Site "Magdeburg"]
[Date "2014.12.28"]
[Round "4.3"]
[White "Hinze, Aaron"]
[Black "Schroeder, Lennart"]
[Result "1-0"]
[WhiteElo "1271"]
[BlackElo "1188"]
[PlyCount "107"]
[EventDate "2014.12.27"]
[EventType "team-swiss"]
[EventRounds "7"]
[EventCountry "GER"]
[SourceTitle "EXT 2016"]
[Source "ChessBase"]
[SourceDate "2015.10.08"]
[SourceVersion "1"]
[SourceVersionDate "2015.10.08"]
[SourceQuality "1"]
[WhiteTeam "Leipzig Gruen Weiss"]
[BlackTeam "Muenster"]
[WhiteTeamCountry "GER"]
[BlackTeamCountry "GER"]

1. e4 e6 2. d4 d5 3. e5 c5 4. c3 Nc6 5. Nf3 Qb6 6. Bd3 Bd7 7. Bc2 Be7 8. 0-0 f6 9. Re1 h5 10. Bg6+ Kd8 11. b3 Kc7 12. Bf4 f5 13. h3 Bf8 14. Bg5 Nge7 15. Bxe7 Nxe7 16. Nh4 Nxg6 17. Nxg6 Rh6 18. Nxf8 Rxf8 19. Qc2 Kb8 20. Rd1 g5 21. Qd2 f4 22. g3 g4 23. h4 Rh7 24. Rf1 fxg3 25. fxg3 Rxf1+ 26. Kxf1 Rf7+ 27. Kg1 Qd8 28. Qg5 Qf8 29. Nd2 Rf5 30. Rf1 Rxf1+ 31. Nxf1 Bb5 32. Ne3 a5 33. Qf6 Qxf6 34. exf6 Be8 35. dxc5 Kc7 36. b4 axb4 37. cxb4 d4 38. Nc4 Kc6 39. Ne5+ Kd5 40. f7 Bxf7 41. Nxf7 e5 42. Kf2 Ke4 43. Ke2 d3+ 44. Kd2 Kf3 45. Nxe5+ Kxg3 46. Nxd3 Kh2 47. Ne1 g3 48. b5 g2 49. Nxg2 Kxg2 50. c6 bxc6 51. bxc6 Kg3 52. c7 Kxh4 53. c8Q Kg3 54. Qc3+ 1-0

[Event "GER-chT U10"]
[Site "Magdeburg"]
[Date "2013.12.28"]
[Round "5.3"]
[White "Hinze, Aaron"]
[Black "Schmidt, Richard"]
[Result "1-0"]
[WhiteElo "1129"]
[BlackElo "985"]
[PlyCount "67"]
[EventDate "2013.12.27"]
[EventType "team-swiss"]
[EventRounds "5"]
[EventCountry "GER"]
[SourceTitle "EXT 2015"]
[Source "ChessBase"]
[SourceDate "2014.11.20"]
[SourceVersion "1"]
[SourceVersionDate "2014.11.20"]
[SourceQuality "1"]
[WhiteTeam "Leipzig Gruen Weiss"]
[BlackTeam "Magdeburg USC"]
[WhiteTeamCountry "GER"]
[BlackTeamCountry "GER"]

1. e4 c5 2. Nf3 Nc6 3. Bc4 e6 4. d4 Nf6 5. Bg5 g6 6. e5 Bg7 7. exf6 Bxf6 8. Bxf6 Qxf6 9. c3 d5 10. Bb5 Bd7 11. Ne5 Bc8 12. Nxc6 bxc6 13. Bxc6+ Kf8 14. Bxa8 Ba6 15. Qf3 Qe7 16. Bc6 Kg7 17. Nd2 Rf8 18. Qe3 Qd6 19. Qe5+ Qxe5+ 20. dxe5 Rc8 21. Ba4 Rb8 22. Rb1 d4 23. cxd4 cxd4 24. Rc1 Rxb2 25. Rc2 Rxc2 26. Bxc2 d3 27. Bb3 Bb5 28. 0-0 a5 29. Bc4 Bc6 30. Bxd3 a4 31. g4 Bd5 32. Bb5 Bxa2 33. Bxa4 Bd5 34. h4 1-0

[Event "GER-chT U10"]
[Site "Magdeburg"]
[Date "2012.12.28"]
[Round "5.3"]
[White "Hinze, Aaron"]
[Black "Voss, Henrike"]
[Result "0-1"]
[WhiteElo "915"]
[BlackElo "1030"]
[PlyCount "60"]
[EventDate "2012.12.27"]
[EventType "team-swiss"]
[EventRounds "7"]
[EventCountry "GER"]
[SourceTitle "EXT 2014"]
[Source "ChessBase"]
[SourceDate "2013.11.20"]
[SourceVersion "1"]
[SourceVersionDate "2013.11.20"]
[SourceQuality "1"]
[WhiteTeam "Leipzig BSG II"]
[BlackTeam "Hamburger SK"]
[WhiteTeamCountry "GER"]
[BlackTeamCountry "GER"]

1. e4 e5 2. Nf3 Nc6 3. Bc4 Bc5 4. d3 Nf6 5. Bg5 h6 6. Bh4 Be7 7. d4 exd4 8. Nxd4 Nxe4 9. Bxe7 Qxe7 10. 0-0 0-0 11. Re1 Qc5 12. Rxe4 Qxc4 13. Nc3 d5 14. Re1 Qxd4 15. Qf3 Be6 16. Rad1 Qc5 17. Qh5 Nb4 18. Rd2 Rad8 19. Re3 Qb6 20. Rg3 Kh7 21. Rg5 g6 22. Qh4 Bf5 23. Re2 Rfe8 24. a3 Nxc2 25. Rg3 Nd4 26. h3 Nxe2+ 27. Nxe2 Rxe2 28. b4 Qxf2+ 29. Kh2 Re1 30. Rf3 Qxh4 0-1

[Event "GER-chT U10"]
[Site "Magdeburg"]
[Date "2012.12.28"]
[Round "4.3"]
[White "Karl, Florian"]
[Black "Hinze, Aaron"]
[Result "0-1"]
[WhiteElo "681"]
[BlackElo "915"]
[PlyCount "22"]
[EventDate "2012.12.27"]
[EventType "team-swiss"]
[EventRounds "7"]
[EventCountry "GER"]
[SourceTitle "EXT 2014"]
[Source "ChessBase"]
[SourceDate "2013.11.20"]
[SourceVersion "1"]
[SourceVersionDate "2013.11.20"]
[SourceQuality "1"]
[WhiteTeam "Langen"]
[BlackTeam "Leipzig BSG II"]
[WhiteTeamCountry "GER"]
[BlackTeamCountry "GER"]

1. e4 e5 2. Nf3 Nc6 3. Bc4 Bc5 4. Nc3 d6 5. d3 Bg4 6. h3 Bh5 7. Ng5 Bxd1 8. Kxd1 Nh6 9. Nxf7 Nxf7 10. Bxf7+ Kxf7 11. Bd2 Rf8 0-1

[Event "GER-chT U10"]
[Site "Magdeburg"]
[Date "2012.12.27"]
[Round "2.3"]
[White "Zyla, Lennert"]
[Black "Hinze, Aaron"]
[Result "1-0"]
[WhiteElo "1260"]
[BlackElo "915"]
[PlyCount "91"]
[EventDate "2012.12.27"]
[EventType "team-swiss"]
[EventRounds "7"]
[EventCountry "GER"]
[SourceTitle "EXT 2014"]
[Source "ChessBase"]
[SourceDate "2013.11.20"]
[SourceVersion "1"]
[SourceVersionDate "2013.11.20"]
[SourceQuality "1"]
[WhiteTeam "Porz SG"]
[BlackTeam "Leipzig BSG II"]
[WhiteTeamCountry "GER"]
[BlackTeamCountry "GER"]

1. e4 e5 2. Nf3 Nc6 3. Bb5 d6 4. d4 Bd7 5. 0-0 Nf6 6. Re1 Be7 7. c3 Nh5 8. Qb3 0-0 9. Be3 Nf4 10. Bxf4 exf4 11. Nbd2 Bh4 12. d5 Na5 13. Qb4 Bxb5 14. Qxb5 b6 15. b4 Nb7 16. Nxh4 Qxh4 17. Nf3 Qf6 18. Qc4 c5 19. e5 Qe7 20. e6 a6 21. a4 a5 22. b5 f6 23. Qxf4 Nd8 24. c4 Nb7 25. Qe3 Nd8 26. Nh4 g6 27. f4 f5 28. Qg3 Nb7 29. Qg5 Qxg5 30. fxg5 Nd8 31. e7 Re8 32. exd8Q Rexd8 33. Re6 Rf8 34. Rxd6 Rab8 35. Re1 Kh8 36. Ree6 Kg7 37. Rxb6 Rfe8 38. Rxb8 Rxb8 39. Rc6 Ra8 40. Rxc5 Kf7 41. d6 Ke6 42. Rd5 Rd8 43. d7 Rxd7 44. Rxd7 Kxd7 45. Nf3 Kc7 46. Kf2 1-0